|
|
|
|
| LEADER |
00000cam a22000004a 4500 |
| 001 |
musev2_4458 |
| 003 |
MdBmJHUP |
| 005 |
20230905040538.0 |
| 006 |
m o d |
| 007 |
cr||||||||nn|n |
| 008 |
070104s2007 onc o 00 0 eng d |
| 020 |
|
|
|a 9780776616049
|
| 020 |
|
|
|z 0776606417
|
| 020 |
|
|
|z 9780776606415
|
| 020 |
|
|
|z 0776616048
|
| 035 |
|
|
|a (OCoLC)243568365
|
| 040 |
|
|
|a MdBmJHUP
|c MdBmJHUP
|
| 100 |
1 |
|
|a Hubbard, Ruth,
|d 1942-
|
| 245 |
1 |
0 |
|a Gomery's Blinders and Canadian Federalism /
|c Ruth Hubbard and Gilles Paquet.
|
| 264 |
|
1 |
|a Ottawa :
|b University of Ottawa Press,
|c 2007.
|
| 264 |
|
3 |
|a Baltimore, Md. :
|b Project MUSE,
|c 2012
|
| 264 |
|
4 |
|c ©2007.
|
| 300 |
|
|
|a 1 online resource (137 pages):
|b ill. ;
|
| 336 |
|
|
|a text
|b txt
|2 rdacontent
|
| 337 |
|
|
|a computer
|b c
|2 rdamedia
|
| 338 |
|
|
|a online resource
|b cr
|2 rdacarrier
|
| 588 |
|
|
|a Description based on print version record.
|
| 610 |
1 |
6 |
|a Canada.
|b Commission d'enquête sur le programme de commandites et les activites publicitaires.
|
| 610 |
1 |
0 |
|a Canada.
|b Commission of Inquiry into the Sponsorship Program and Advertising Activities.
|
| 650 |
|
6 |
|a Relations federales-provinciales (Canada)
|
| 650 |
|
6 |
|a Gouvernement federal
|z Canada.
|
| 650 |
|
6 |
|a Scandale des commandites, Canada, 1997-
|
| 650 |
|
5 |
|a Federal-provincial relations
|z Canada.
|
| 650 |
|
0 |
|a Federal government
|z Canada.
|
| 650 |
|
5 |
|a Sponsorship Scandal, Canada, 1997-
|
| 651 |
|
6 |
|a Canada
|x Politique et gouvernement
|y 1993-2006.
|
| 651 |
|
5 |
|a Canada
|x Politics and government
|y 1993-2006.
|
| 655 |
|
7 |
|a Electronic books.
|2 local
|
| 710 |
2 |
|
|a Project Muse.
|e distributor
|
| 830 |
|
0 |
|a Book collections on Project MUSE.
|
| 856 |
4 |
0 |
|z Texto completo
|u https://projectmuse.uam.elogim.com/book/4458/
|
| 945 |
|
|
|a Project MUSE - Custom Collection
|
| 945 |
|
|
|a Project MUSE - Archive Complete Foundation
|
| 945 |
|
|
|a Project MUSE - Archive Political Science and Policy Studies Foundation
|